000 00614nam a2200205Ia 4500
001 22046
003 AR-BaAGN
005 20231116141730.0
007 ta
008 211213s1824 xx |||||||||||||| ||spa d
040 _dAR-BaAGN
_aAR-BaAGN
_bspa
_eaacr
245 0 0 _aDocumentos relativos a la formación de un Banco Nacional en las Provincias Unidas de Sud América
260 _a[Lugar de publicación no identificado] :
_bImprenta de la Independencia,
_c1824.
300 _a35 páginas
336 _2rdacontent
_btxt
337 _2rdamedia
_bn
338 _2rdacarrier
_bnc
942 _cLIBRO
999 _c22046
_d22046